00437nam a2200109Ia 4500041001200000082001200012100004300024245014600067260006000213300000900273650004500282 aEnglish aRP.0323 aPyne, RadhanathuS.A. Jaipuria College 0aPunishment policies of white collar criminals convicted for accounting irregularities :ban overview of major Indian cases / cRadhanath Pyne aNew Delhi :bIndian Council of Social Science Research, a206p aCriminal LawxWhite Collar CrimeszIndia